| 000 | nam a22 a 4500 | ||
|---|---|---|---|
| 999 |
_c435217 _d435217 |
||
| 003 | BLK | ||
| 005 | 20211101141302.0 | ||
| 008 | 211101b bu |||||r|||| 00| | bu d | ||
| 040 | _aBLK | ||
| 041 |
_aFRE _cFRE |
||
| 080 |
_aЕстетика (обективна и субективна) _b111.852 _z111.852 |
||
| 100 |
_91299 _aRainov, Bogomil Nikolaev _eпърви автор |
||
| 139 | _aRainov, Bogomil Nikolaev | ||
| 245 |
_aLes rivages du realisme _cBogomil Rainov ;тrad. de Georges Assen Dzivgov |
||
| 260 |
_9217016 _aSofia _bSofia-Presse _c1969 |
||
| 300 |
_a59 с. _c18 см |
||
| 380 | _a1 | ||
| 650 | 7 |
_9155058 _aЕстетика |
|
| 700 |
_9284 _aDzivgov, Georgi-Asen _etrad. |
||
| 852 |
_aЦб 11193 _bО |
||
| 942 |
_cKNG _n0 _s1 |
||
| 944 |
_aCR _c2021-11-01 _kХристина Везирева |
||